000 01278cam a2200337 i 4500
001 64742
003 Mx-PuUPA
005 20250115130617.0
008 160222s2017 mx ad gr 000 0 spa d
020 _a9786077447528
040 _aMx-PuUPA
_cMx-PuUPA
_erda
_dMx-PuUPA
_bspa
041 0 _aspa
100 1 _99806
_aBaena Paz, Guillermina,
_eautor
245 1 0 _aMetodología de la investigación /
_cGuillermina Baena Paz
246 3 3 _aMetodología de la investigación :
_bserie integral por competencias.
250 _aTercera edición
264 1 _aCiudad México :
_bGrupo Editorial Patria,
_c2017
300 _axiii, 141 páginas :
_bilustraciones, diagramas, tablas (a color) ;
_c27 cm
336 _atexto
_btxt
_2rdacontent
337 _2rdamedia
_asin medio
_bn
338 _2rdacarrier
_avolumen
_bnc
490 0 _aSerie Integral por competencias.
545 _aReimpresión: (Cuarta, 2019).
650 7 _2armarc
_aCiencia
_xMetodología
650 7 _2armarc
_aInvestigación
_xMetodología
650 7 _aInvestigación
_xMetodología
_xEstudio y enseñanza
_2armarc
942 _2ddc
_cLI
_h001.42
_iB135
999 _c64742
_d64742